Participación, autogestión y movimiento popular en Ecuador /
En el presente ensayo se cuestiona el régimen político ecuatoriano, su sistema democrático y la viabilidad de la participación popular. Aportando sobre los límites y las posibilidades del movimiento popular, la autogestión y el movimiento autogestionario.
Guardado en:
| Hovedforfatter: | |
|---|---|
| Format: | Texto |
| Fag: | |
| Tags: |
Tilføj Tag
Ingen Tags, Vær først til at tagge denne postø!
|
MARC
| LEADER | 00000 a a2200000 04500 | ||
|---|---|---|---|
| 001 | 41878 | ||
| 003 | |||
| 040 | |||
| 100 | |a Burgos Villamar, Dalton | ||
| 245 | |a Participación, autogestión y movimiento popular en Ecuador / |c Dalton Burgos Villamar | ||
| 520 | |a En el presente ensayo se cuestiona el régimen político ecuatoriano, su sistema democrático y la viabilidad de la participación popular. Aportando sobre los límites y las posibilidades del movimiento popular, la autogestión y el movimiento autogestionario. | ||
| 590 | |a SJB/NOVIEMBRE2012 | ||
| 650 | |a 1.PARTICIPACION SOCIAL | ||
| 650 | |a 2.MOVIMIENTOS SOCIALES | ||
| 650 | |a 3.AUTOGESTION | ||
| 650 | |a 4.DEMOCRACIA | ||
| 650 | |a 5.ECUADOR | ||
| 773 | |g número5-6 (1985), páginas 217-228 | ||
| 999 | |c 29548 |d 29548 | ||
